| 000 | 00361 a2200133 4500 | ||
|---|---|---|---|
| 001 | 58500 | ||
| 082 | _a359.0095491 ZAH | ||
| 090 |
_c35880 _d35880 |
||
| 100 | _aZahir Shah Mian, Rear Admiral retd | ||
| 245 | _aBubbles of water; anecdotes of Pakistan navy | ||
| 260 |
_aRawalpindi _bArmy Press _c2001 |
||
| 300 | _axviii, 487 | ||
| 610 | _aPakistan Navy | ||
| 942 |
_aNUST-CAE _k359.0095491 ZAH |
||
| 999 |
_c293573 _d293573 |
||